00193nam a2200061Ia 4500008004100000100001700041245007300058120527s9999 xx 000 0 und d aNEILL, D.H.O aThe management and use of draugt animals by small holder farmers in